| 000 | 00774cam a2200265 4500 | ||
|---|---|---|---|
| 001 | 7821 | ||
| 005 | 20230410120850.0 | ||
| 008 | 060907s1995 mx spa | ||
| 020 | _a9681616294 | ||
| 035 | _9funglode7888 | ||
| 041 | _aspa | ||
| 050 | 1 | 4 |
_aJA 69 _bM894c 1995 |
| 082 | 0 | 0 | _a320 |
| 100 |
_aMosca, Gaetano, _d1958-1941. |
||
| 245 | 1 | 3 |
_aLa clase política / _cGaetano Mosca ; selección e introducción de Norberto Bobbio |
| 260 |
_aMéxico D.F. : _bFondo de Cultura Económica, _c1995 |
||
| 300 | _a351 p. | ||
| 440 |
_aColección popular ; _v260 |
||
| 500 | _aTítulo original. La classe politica. | ||
| 650 | 0 | _aPolitical science. | |
| 650 | 4 | _aClase dirigente. | |
| 650 | 4 | _aCiencia política. | |
| 700 | 1 | _aBobbio, Norberto | |
| 942 |
_2lcc _cbk |
||
| 999 |
_c53400 _d53400 |
||